| 000 | 00397nam a22001457a 4500 | ||
|---|---|---|---|
| 008 | 250701b |||||||| |||| 00| 0 eng d | ||
| 020 | _a9781788821537 | ||
| 050 |
_aSB 318 _b.S74 |
||
| 100 | _aStevens Donavan | ||
| 245 | _aBiotechnology of Horticultural Crops | ||
| 260 |
_aUnited Kingdom _bED-Tech Press _c2020 |
||
| 300 | _a339p. | ||
| 650 | _aHorticulture crops-Biotechnology | ||
| 942 | _cBK | ||
| 999 |
_c4033 _d4033 |
||